|
|
|
|
| LEADER |
01957nam a2200445 a 4500 |
| 001 |
EBC3338659 |
| 003 |
MiAaPQ |
| 005 |
20200520144314.0 |
| 006 |
m o d | |
| 007 |
cr cn||||||||| |
| 008 |
060912s2007 mau sb 001 0 eng |
| 010 |
|
|
|z 2006030374
|
| 015 |
|
|
|a GBA713857
|2 bnb
|
| 016 |
7 |
|
|z 013677732
|2 Uk
|
| 020 |
|
|
|z 9780262083591 (hardcover : alk. paper)
|
| 020 |
|
|
|z 0262083590 (hardcover : alk. paper)
|
| 020 |
|
|
|z 9780262582728 (pbk. : alk. paper)
|
| 020 |
|
|
|z 0262582724 (pbk. : alk. paper)
|
| 035 |
|
|
|a (MiAaPQ)EBC3338659
|
| 035 |
|
|
|a (Au-PeEL)EBL3338659
|
| 035 |
|
|
|a (CaPaEBR)ebr10173722
|
| 035 |
|
|
|a (OCoLC)123175514
|
| 040 |
|
|
|a MiAaPQ
|c MiAaPQ
|d MiAaPQ
|
| 050 |
|
4 |
|a Q175.5
|b .H469 2007
|
| 082 |
0 |
4 |
|a 303.48/3
|2 22
|
| 100 |
1 |
|
|a Hess, David J.
|
| 245 |
1 |
0 |
|a Alternative pathways in science and industry
|h [electronic resource] :
|b activism, innovation, and the environment in an era of globalization /
|c David J. Hess.
|
| 260 |
|
|
|a Cambridge, Mass. :
|b MIT Press,
|c c2007.
|
| 300 |
|
|
|a ix, 334 p.
|
| 490 |
1 |
|
|a Urban and industrial environments
|
| 504 |
|
|
|a Includes bibliographical references (p. [285]-327) and index.
|
| 505 |
0 |
|
|a Introduction -- Retheorizing scientific change -- Science in an era of globalization -- The transformation of technological fields -- Industrial opposition movements -- Technology- and product-oriented movements -- The localization of activism and innovation -- Conclusion.
|
| 533 |
|
|
|a Electronic reproduction. Ann Arbor, MI : ProQuest, 2015. Available via World Wide Web. Access may be limited to ProQuest affiliated libraries.
|
| 650 |
|
0 |
|a Science
|x Social aspects.
|
| 650 |
|
0 |
|a Technology
|x Social aspects.
|
| 650 |
|
0 |
|a Science and industry.
|
| 655 |
|
4 |
|a Electronic books.
|
| 710 |
2 |
|
|a ProQuest (Firm)
|
| 830 |
|
0 |
|a Urban and industrial environments.
|
| 856 |
4 |
0 |
|u https://ebookcentral.proquest.com/lib/matrademy/detail.action?docID=3338659
|z Click to View
|